<?xml version="1.0" encoding="UTF-8"?>
<record
    xmlns:xsi="http://www.w3.org/2001/XMLSchema-instance"
    xsi:schemaLocation="http://www.loc.gov/MARC21/slim http://www.loc.gov/standards/marcxml/schema/MARC21slim.xsd"
    xmlns="http://www.loc.gov/MARC21/slim">

  <leader>00495    a2200181   4500</leader>
  <controlfield tag="003">NUST</controlfield>
  <controlfield tag="005">20230317124024.0</controlfield>
  <datafield tag="020" ind1=" " ind2=" ">
    <subfield code="a">969-35-0105-5</subfield>
  </datafield>
  <datafield tag="028" ind1=" " ind2=" ">
    <subfield code="a">Sang Meel</subfield>
  </datafield>
  <datafield tag="040" ind1=" " ind2=" ">
    <subfield code="c">Nust</subfield>
  </datafield>
  <datafield tag="082" ind1=" " ind2=" ">
    <subfield code="a">910.4,TAR</subfield>
  </datafield>
  <datafield tag="100" ind1=" " ind2=" ">
    <subfield code="a"> Tarar, Mustansar Hussain</subfield>
    <subfield code="9">3135</subfield>
  </datafield>
  <datafield tag="245" ind1=" " ind2=" ">
    <subfield code="a">Nanga Parbat / &#x646;&#x627;&#x646;&#x6AF;&#x627; &#x67E;&#x631;&#x628;&#x62A; (Urdu) /</subfield>
    <subfield code="c">Mustansar Hussain Tarar</subfield>
  </datafield>
  <datafield tag="260" ind1=" " ind2=" ">
    <subfield code="a">Lahore</subfield>
    <subfield code="b">Sang Meel</subfield>
    <subfield code="c">2004, 2011</subfield>
  </datafield>
  <datafield tag="300" ind1=" " ind2=" ">
    <subfield code="a">416p.;</subfield>
  </datafield>
  <datafield tag="650" ind1=" " ind2=" ">
    <subfield code="a">Urdu Literature</subfield>
    <subfield code="x">Safar Nama</subfield>
    <subfield code="9">110432</subfield>
  </datafield>
  <datafield tag="942" ind1=" " ind2=" ">
    <subfield code="2">ddc</subfield>
    <subfield code="c">BK</subfield>
    <subfield code="k">910.4,TAR</subfield>
  </datafield>
  <datafield tag="999" ind1=" " ind2=" ">
    <subfield code="c">213315</subfield>
    <subfield code="d">213315</subfield>
  </datafield>
  <datafield tag="952" ind1=" " ind2=" ">
    <subfield code="0">0</subfield>
    <subfield code="1">0</subfield>
    <subfield code="2">ddc</subfield>
    <subfield code="4">0</subfield>
    <subfield code="7">0</subfield>
    <subfield code="a">MCS</subfield>
    <subfield code="b">MCS</subfield>
    <subfield code="c">GEN</subfield>
    <subfield code="d">2023-03-17</subfield>
    <subfield code="l">1</subfield>
    <subfield code="o">910.4,TAR</subfield>
    <subfield code="p">MCS37954</subfield>
    <subfield code="r">2024-03-07</subfield>
    <subfield code="s">2024-01-15</subfield>
    <subfield code="w">2023-03-17</subfield>
    <subfield code="y">BK</subfield>
    <subfield code="z">Almirah No.66, Shelf No.5</subfield>
  </datafield>
  <datafield tag="952" ind1=" " ind2=" ">
    <subfield code="0">0</subfield>
    <subfield code="1">0</subfield>
    <subfield code="2">ddc</subfield>
    <subfield code="4">0</subfield>
    <subfield code="7">0</subfield>
    <subfield code="a">MCS</subfield>
    <subfield code="b">MCS</subfield>
    <subfield code="c">GEN</subfield>
    <subfield code="d">2023-03-17</subfield>
    <subfield code="o">910.4,TAR</subfield>
    <subfield code="p">MCS26489</subfield>
    <subfield code="r">2023-03-17</subfield>
    <subfield code="w">2023-03-17</subfield>
    <subfield code="y">BK</subfield>
    <subfield code="z">Almirah No.66, Shelf No.5</subfield>
  </datafield>
  <datafield tag="952" ind1=" " ind2=" ">
    <subfield code="0">0</subfield>
    <subfield code="1">0</subfield>
    <subfield code="2">ddc</subfield>
    <subfield code="4">0</subfield>
    <subfield code="7">0</subfield>
    <subfield code="a">MCS</subfield>
    <subfield code="b">MCS</subfield>
    <subfield code="c">GEN</subfield>
    <subfield code="d">2025-01-15</subfield>
    <subfield code="j">2</subfield>
    <subfield code="l">0</subfield>
    <subfield code="o">910.4,TAR</subfield>
    <subfield code="p">MCS36196</subfield>
    <subfield code="r">2025-01-15</subfield>
    <subfield code="w">2025-01-15</subfield>
    <subfield code="y">BK</subfield>
    <subfield code="z">Almirah No.66, Shelf No.5</subfield>
  </datafield>
</record>
